<?xml version="1.0" encoding="UTF-8"?>
<collection xmlns="http://www.loc.gov/MARC21/slim">
<record>
  <controlfield tag="001">120607</controlfield>
  <controlfield tag="005">20221220103620.0</controlfield>
  <datafield tag="037" ind1=" " ind2=" ">
    <subfield code="a">TAZ-TFG-2022-2540</subfield>
  </datafield>
  <datafield tag="041" ind1=" " ind2=" ">
    <subfield code="a">spa</subfield>
  </datafield>
  <datafield tag="100" ind1="1" ind2=" ">
    <subfield code="a">Mir Ferrando, Marta María</subfield>
  </datafield>
  <datafield tag="242" ind1="0" ind2="0">
    <subfield code="a">Gluten-free diet, fad or reality</subfield>
  </datafield>
  <datafield tag="245" ind1="0" ind2="0">
    <subfield code="a">Dieta sin gluten: ¿moda o realidad?</subfield>
  </datafield>
  <datafield tag="260" ind1=" " ind2=" ">
    <subfield code="a">Zaragoza</subfield>
    <subfield code="b">Universidad de Zaragoza</subfield>
    <subfield code="c">2022</subfield>
  </datafield>
  <datafield tag="506" ind1=" " ind2=" ">
    <subfield code="a">by-nc-sa</subfield>
    <subfield code="b">Creative Commons</subfield>
    <subfield code="c">3.0</subfield>
    <subfield code="u">http://creativecommons.org/licenses/by-nc-sa/3.0/</subfield>
  </datafield>
  <datafield tag="520" ind1=" " ind2=" ">
    <subfield code="a">El gluten es un componente común de la dieta que en personas genéticamente predispuestas puede inducir una respuesta inmunomediada capaz de provocar síntomas digestivos y extraintestinales. Entre ellos se citan la enfermedad celiaca y la ataxia inducida por el gluten. Otras enfermedades como la sensibilidad al gluten no celiaca o el síndrome de intestino irritable sensible al trigo, pueden igualmente beneficiarse de una dieta sin gluten. Por otro lado, es creciente el número de personas que retiran el gluten de la dieta sin haber sido sometidos a una evaluación médica especializada. La popularidad de la dietas sin gluten y su amplia disponibilidad en comercios y supermercados ha facilitado esta moda o costumbre con el riesgo implícito de generar alteraciones en el estado de nutrición (macro y micronutrientes) en personas que consumen gluten sin el debido asesoramiento de dietistas-nutricionistas titulados y sin los adecuados controles para garantizar una adecuada adherencia a la dieta. El objetivo del presente trabajo es ofrecer una revisión narrativa de aquellas entidades que verdaderamente se benefician de una eliminación del gluten de su dieta (realidad), así como de los riesgos que comporta la retirada de este complejo proteico en personas que realmente no lo precisaban (moda).&lt;br />&lt;br /></subfield>
  </datafield>
  <datafield tag="521" ind1=" " ind2=" ">
    <subfield code="a">Graduado en Nutrición Humana y Dietética</subfield>
  </datafield>
  <datafield tag="540" ind1=" " ind2=" ">
    <subfield code="a">Derechos regulados por licencia Creative Commons</subfield>
  </datafield>
  <datafield tag="700" ind1=" " ind2=" ">
    <subfield code="a">Montoro Huguet, Miguel A.</subfield>
    <subfield code="e">dir.</subfield>
  </datafield>
  <datafield tag="710" ind1="2" ind2=" ">
    <subfield code="a">Universidad de Zaragoza</subfield>
    <subfield code="b">Medicina, Psiquiatría y Dermatología</subfield>
    <subfield code="c">Medicina</subfield>
  </datafield>
  <datafield tag="856" ind1="0" ind2=" ">
    <subfield code="f">776534@unizar.es</subfield>
  </datafield>
  <datafield tag="856" ind1="4" ind2=" ">
    <subfield code="s">748478</subfield>
    <subfield code="u">http://zaguan.unizar.es/record/120607/files/TAZ-TFG-2022-2540.pdf</subfield>
    <subfield code="y">Memoria (spa)</subfield>
  </datafield>
  <datafield tag="909" ind1="C" ind2="O">
    <subfield code="o">oai:zaguan.unizar.es:120607</subfield>
    <subfield code="p">driver</subfield>
    <subfield code="p">trabajos-fin-grado</subfield>
  </datafield>
  <datafield tag="950" ind1=" " ind2=" ">
    <subfield code="a"></subfield>
  </datafield>
  <datafield tag="980" ind1=" " ind2=" ">
    <subfield code="a">TAZ</subfield>
    <subfield code="b">TFG</subfield>
    <subfield code="c">FCSHUES</subfield>
  </datafield>
  <datafield tag="999" ind1=" " ind2=" ">
    <subfield code="a">20220623144837.CREATION_DATE</subfield>
  </datafield>
  <datafield tag="951" ind1=" " ind2=" ">
    <subfield code="a">deposita:2022-12-20</subfield>
  </datafield>
</record>
</collection>